000 00315nam a22001337a 4500
008 170807b xxu||||| |||| 00| 0 eng d
020 _a9780201350876
041 _aeng
080 _a004
100 _a34
101 _aSHK
245 _aDATA STRUCTURES AND PROBLEM SOLVING USING JAVA
_cWEISS,M.A
942 _2udc
_cBK
999 _c22844
_d22844